000
00232nam a22000857a 4500
999
_c
11446
_d
11446
008
190524b ||||| |||| 00| 0 eng d
020
_a
978938636255
100
_9
7171
_a
SINGH S.N
245
_a
GREAT NATIONALSIT OF INDIA RABINDRANATH TAGORE